| 000 | 01287nam a2200349 a 4500 | ||
|---|---|---|---|
| 001 | 000112019 | ||
| 003 | CHAP | ||
| 005 | 20220329144242.0 | ||
| 008 | 151118s2015 mx sm |||||||spa d | ||
| 010 | _a108480 | ||
| 011 | _a109452 | ||
| 040 | _cCHAP | ||
| 090 | _aTesis | ||
| 100 | 1 |
_aNuñez Solano, Karen Elizabeth _9130077 |
|
| 245 | 1 | 0 |
_aDiversidad y abundancia de insectos depredadores en cinco especies del género tagetes en Chapingo, México _h[En línea] _cpor Karen Elizabeth Nuñez Solano. |
| 260 |
_aChapingo, Méx. : _bEl autor, _c2015. |
||
| 500 | _aPara ver el contenido del material haga clic en la liga | ||
| 502 | _aTesis (Ing. Agroecología) -- UACH. Departamento de Agroecología | ||
| 590 |
_aE11695DGD _b10 _c20161110 _lUCH01 _h1151 |
||
| 590 |
_aE5765TAJ _b05 _c20151118 _lUCH01 _h1120 |
||
| 590 |
_aE5765TAJ _b05 _c20151118 _lUCH01 _h1120 |
||
| 590 |
_aE5765TAJ _b05 _c20151118 _lUCH01 _h1121 |
||
| 650 | 1 | 4 |
_aInsectos predadores. _9130078 |
| 650 | 1 | 4 |
_aInsectos _xHábitos y conducta. _958927 |
| 650 | 1 | 4 |
_aInsectos _xIdentificación. _958929 |
| 650 | 1 | 4 |
_aPlantas hospederas. _989004 |
| 650 | 1 | 4 |
_aTagetes _xVariedades. _9125872 |
| 856 |
_aFinding aid _uhttp://10.13.5.2/tesis/sist112019.pdf _zTeclea aquí |
||
| 901 | _aBK | ||
| 942 | _cTESIS | ||
| 942 | _n0 | ||
| 999 |
_c108480 _d108480 |
||